聖靈:華人宗教及文化處境下的反思 Sheng ling : Hua ren zong jiao ji wen hua chu jing xia de fan si = Holy Spirit : (Record no. 20362)
[ view plain ]
| 000 -LEADER | |
|---|---|
| fixed length control field | 01135nam a2200277 4500 |
| 003 - CONTROL NUMBER IDENTIFIER | |
| control field | OSt |
| 005 - DATE AND TIME OF LATEST TRANSACTION | |
| control field | 20140813102647.0 |
| 008 - FIXED-LENGTH DATA ELEMENTS--GENERAL INFORMATION | |
| fixed length control field | 040624s2002 -hk chi |
| 020 ## - INTERNATIONAL STANDARD BOOK NUMBER | |
| International Standard Book Number | 962850956X : |
| Terms of availability | NT352.00 |
| 020 ## - INTERNATIONAL STANDARD BOOK NUMBER | |
| International Standard Book Number | 9789628509560 |
| 090 ## - LOCALLY ASSIGNED LC-TYPE CALL NUMBER (OCLC); LOCAL CALL NUMBER (OCLC) | |
| Classification number (OCLC) (R) ; Classification number, CALL (RLIN) (NR) | BT121.3 |
| Local cutter number (OCLC) ; Book number/undivided call number, CALL (RLIN) | H74t |
| 245 10 - TITLE STATEMENT | |
| Title | 聖靈:華人宗教及文化處境下的反思 Sheng ling : Hua ren zong jiao ji wen hua chu jing xia de fan si = Holy Spirit : |
| Remainder of title | Reflections in the Chinese religious and cultural context {ch} / |
| Statement of responsibility, etc | 鄧紹光主編 editor, Andres S. K. Tang. |
| 264 ## - PRODUCTION, PUBLICATION, DISTRIBUTION, MANUFACTURE STATEMENTS | |
| Place of production, publication, distribution, manufacture | Hong Kong : |
| Name of producer, publisher, distributor, manufacturer | <a href="香港信義宗神學院 Lutheran Theological Seminary,">香港信義宗神學院 Lutheran Theological Seminary,</a> |
| Date of production, publication, distribution, manufacture | c2002. |
| 300 ## - PHYSICAL DESCRIPTION | |
| Extent | xi, 265 p. |
| Dimensions | 21 cm. |
| 336 ## - CONTENT TYPE | |
| Source | rdacontent |
| Content Type Term | text |
| 337 ## - MEDIA TYPE | |
| Source | rdamedia |
| Media Type Term | unmediated |
| 338 ## - CARRIER TYPE | |
| Source | rdacarrier |
| Carrier Type Term | volume |
| 504 ## - BIBLIOGRAPHY, ETC. NOTE | |
| Bibliography, etc | Includes bibliographical references. |
| 650 #4 - SUBJECT ADDED ENTRY--TOPICAL TERM | |
| Topical term or geographic name as entry element | China |
| General subdivision | Religion {ch}. |
| 650 #4 - SUBJECT ADDED ENTRY--TOPICAL TERM | |
| Topical term or geographic name as entry element | 神學類 聖靈論 Christianity and culture |
| Geographic subdivision | China {ch}. |
| 650 #4 - SUBJECT ADDED ENTRY--TOPICAL TERM | |
| Topical term or geographic name as entry element | 聖靈 Holy Spiirit {ch}. |
| 651 #4 - SUBJECT ADDED ENTRY--GEOGRAPHIC NAME | |
| Geographic name | China |
| General subdivision | 宗教對話、宗教比較、靈恩 Civilization and culture {ch}. |
| 951 ## - EQUIVALENCE OR CROSS-REFERENCE-GEOGRAPHIC NAME/AREA NAME [OBSOLETE] [CAN/MARC only] | |
| General subdivision | 00028057 |
| 700 1# - ADDED ENTRY--PERSONAL NAME | |
| Personal name | 鄧紹光 Tang, Andres S. K. |
| 942 ## - ADDED ENTRY ELEMENTS (KOHA) | |
| Source of classification or shelving scheme | Library of Congress Classification |
| Item type | Books |
| Withdrawn status | Lost status | Source of classification or shelving scheme | Damaged status | Not for loan | Home library | Current library | Shelving location | Date acquired | Inventory number | Shelving control number | Total Checkouts | Full call number | Barcode | Date last seen | Price effective from | Koha item type | Source of acquisition | Copy number |
|---|---|---|---|---|---|---|---|---|---|---|---|---|---|---|---|---|---|---|
| Library of Congress Classification | BSOP Library | BSOP Library | Chinese Books (General Circulation) | 12/21/2000 | C-5245 | 127 | BT121.3 H74t | 00028057 | 02/23/2013 | 02/23/2013 | Books | |||||||
| Library of Congress Classification | BSOP Library | BSOP Library | Special Collections Chinese | 08/13/2014 | C-12115 | BT121.3 H74t | 00044515 | 08/13/2014 | 08/13/2014 | Books | ||||||||
| Library of Congress Classification | BSOP Library | BSOP Library | Chinese Books (General Circulation) | 07/01/2015 | C-13672 | BT121.3 H74t c.2 | 00046072 | 07/01/2015 | 07/01/2015 | Books | c.2 |
